000 01207nam a22003497a 4500
003 CHAP
005 20220329134511.0
008 971013s1940 r 00010 d
010 _a21252
011 _a22224
035 _a26317
040 _cCHAP
082 _a330.9
_bC56Y
100 0 0 _aCioli, Lionello.
_923330
245 _aHistoria económica
_b: economía antigua y medieval, la política económica de los estados
260 _aMéxico, D.F. :
_bAmérica,
_c1940
300 _a203 p.
500 _aEjs. desc. en bodega
590 _aBATCH-UPD
_b10
_c20130110
_lUCH01
_h1827
590 _aBATCH-UPD
_b10
_c20130410
_lUCH01
_h1159
590 _aBATCH-UPD
_b10
_c20130914
_lUCH01
_h1230
590 _aCONVERSION
_b10
_c20130109
_lUCH01
_h1313
650 1 4 _aEconomía
_xHistoria.
_935238
650 1 4 _aHistoria económica.
_955624
901 _aBK
942 _cLIBRO
949 _a330.9 C56Y
_bBC
_cBPA
_d-60761
_eBPA
_fc.3
_i26317
_si
949 _a330.9 C56Y
_bBC
_cBPA
_d-60762
_eBPA
_fc.4
_i26317
_si
949 _a330.9 C56Y
_bBC
_cBPA
_d-60763
_eBPA
_fc.5
_i26317
_si
949 _a330.9 C56Y
_bBC
_cLIBRO
_d33724000318556
_eLIBRO
_i26317
_si
949 _a330.9 C56Y
_bBC
_cLIBRO
_d33724000318721
_eLIBRO
_fc.2
_i26317
_si
999 _c21252
_d21252